00409 2200145 4500001002100000008004100021035002000062245005900082100001800141260003700159300002000196082001400216650002000230990001300250INLIS000000000000046 ind  a0010-0322000046 aTIKUS TANAH JATUH CINTA : SERI PENGEMBANGAN DIRIcIKHA aDAVID BEDFORD aJAKARTAbERLANGGA FOR KIDSc2009 a28 hlm.c22 cm. a899.221 3 aFIKSI INDONESIA a102332-1